Catálogo
 En Linea

Moyen Age; : (Registro nro. 19350)

Detalles MARC
000 -CABECERA
campo de control de longitud fija 00655cam a22001691 4500
001 - NÚMERO DE CONTROL
campo de control 000019837
005 - FECHA Y HORA DE LA ÚLTIMA TRANSACCIÓN
campo de control 20200929170147.0
008 - DATOS DE LONGITUD FIJA--INFORMACIÓN GENERAL
campo de control de longitud fija 720629s1963 fr a 000 0 fre
040 ## - FUENTE DE LA CATALOGACIÓN
Centro catalogador/agencia de origen DO-SdBNP
Lengua de catalogación spa
Centro/agencia transcriptor BNPHU
100 1# - ENTRADA PRINCIPAL--NOMBRE DE PERSONA
Nombre de persona Lagarde, Andre.
9 (RLIN) 42342
245 10 - MENCIÓN DE TÍTULO
Título Moyen Age; :
Resto del título les grands auteurs francais du programme /
Mención de responsabilidad, etc. Andre Lagarde,Laurent Michard.
260 ## - PUBLICACIÓN, DISTRIBUCIÓN, ETC.
Nombre del editor, distribuidor, etc. Londres nd European Publications,
Fecha de publicación, distribución, etc. [1963].
300 ## - DESCRIPCIÓN FÍSICA
Extensión viii, 242 p. :
Otras características físicas il. ;
Dimensiones 22 cm.
490 0# - MENCIÓN DE SERIE
Mención de serie Collection litteraire Lagarde & Michard. Textes et litterature,
Designación de volumen o secuencia 1
700 1# - PUNTO DE ACCESO ADICIONAL--NOMBRE DE PERSONA
Nombre de persona Michard, Laurent
9 (RLIN) 42343
830 #0 - PUNTO DE ACCESO ADICIONAL DE SERIE-TÍTULO UNIFORME
Título uniforme Collection litteraire Lagarde & Michard. Textes et litterature,
9 (RLIN) 42344
Existencias
Estado de retiro Estado de pérdida Restricciones de uso No para préstamo Código de colección Localización permanente Ubicación/localización actual Ubicación en estantería Fecha de adquisición Número de inventario Total de préstamos Signatura topográfica completa Código de barras Fecha visto por última vez Precio válido a partir de Tipo de ítem Koha
      Excluido de préstamo Monografías: Libros y Folletos General General En catalogación 07.07.2010 LF1   19837-10 25.06.2020 25.06.2020 No se presta

Con tecnología Koha